00748nam a2200265Ia 4500008004100000020001800041050001400059100001700073245002100090245003300111245002100144250001900165260001900184260002200203260000900225300001600234300002000250300001000270650001100280650002800291650001900319700001100338999001900349952011400368181129s9999 xx 000 0 und d a9780061252020 bG141 2006 aGaiman, Neil 0aFragile things : 0bshort fictions and wonders / 0cby Neil Gailman. aFirst edition. aNew York, NY : bHarper Perennial, c2006 a360 pages : billustrations ; c20cm. aMagic. aShort stories, English. aShort stories. aTitle. c359504d359504 001040aSSISMbSSISMcSSISMd2018-11-29l0oGS FIC G141 2006pSSISM5599r2018-11-29 00:00:00w2018-11-29yBK